Регионална библиотека "Любен Каравелов" - Русе

Химн на смъртта (Запис номер 161660)

MARC детайли
000 -Лидер
Контролно поле с фиксирана дължина 01101nam a2200325 a 4500
003 - Код на организацията, давaща контролен номер
Контролно поле BLK
005 - Дата и час на последна редакция
Контролно поле 20250623113142.0
008 - Елементи от данни с фиксирана дължина
fixed length control field 180410b bul|||||r ||||||| ||bul||
010 ## - Наследен системен номер
LC control number KNG00168990000
040 ## - Източник на каталожния запис
Идентификатор на билиотеката - собственик на записа BLK
041 ## - Код за език
Код за езика на текст/звукозапис или на отделно заглавие Български
Код за езика КДБФ Български
072 #7 - Код за тематичната категория
Код организация bullib
Код за тематична категория К
Текст Краезнание
080 ## - УДК
Текстов определител УДК Българска литература
УДК код - определител по УДК 821.163.2
УДК определител -1
УДК - код + определител 821.163.2-1
100 1# - Редна дума - Автор
Автор Трифонов, Трифон Цанев
Дати, свързани с автора 1866-1926
R(LIN) 313586
139 ## - Редно поле
Редна дума Трифонов, Трифон Цанев
Авторски знак Триф - Т 84
245 10 - Сведения за заглавието
Заглавие Химн на смъртта
Подзаглавни данни Епопея в 10 песни
Редно поле (дума) Трифон Цанев Трифонов
257 ## - Страна на издаване
Страна на създаване/издаване България
260 ## - Област на издателските данни
Място на издаване, разпространение и проч. Русе
Година на издаване 1916
Печатница Русе : печ. Н. Мавродинов
300 ## - Физическа характеристика
Страници 16 с.
Илюстрации и др. с ил.
Размери/Мащаб 25 см
380 ## - Жанр
Жанр Худож. лит.
659 ## - Тематичен бюлетин
Тематичен бюлетин К
852 ## - Местоположение
Форматна сигнатура Цб 73914
Фондова буква Хранилище
852 ## - Местоположение
Форматна сигнатура К 821.163.2/Т 84 Т
856 4# - Електронен адрес и достъп
Електронен формат pdf - файл
856 4# - Електронен адрес и достъп
Електронен формат pdf - файл
942 ## - АРТИКУЛИ
Вид на библиотечния материал Книги
Скрит в OPAC Не
Периодичен библиозапис Да
Koha issues (borrowed), all copies 2
944 ## - СЪЗДАВАНЕ И РЕДАКЦИЯ на ЗАПИСА
Създаване/Редакция Създаване
Дата на регистрацията/редакция 18.12.2014
Статус, дата на статуса Валя Йорданова
Служител, извършил регистрацията/редакцията 30558
944 ## - СЪЗДАВАНЕ И РЕДАКЦИЯ на ЗАПИСА
Създаване/Редакция Редакция
Дата на регистрацията/редакция 18.12.2014
Статус, дата на статуса 18.12.2014 - от С1,Р / 18.12.2014
999 ## - СИСТЕМНИ КОНТРОЛНИ НОМЕРА
Koha biblionumber 161660
Koha biblioitemnumber 161660
999 ## - СИСТЕМНИ КОНТРОЛНИ НОМЕРА
Koha biblioitemnumber 161660
Наличности
Код за отписване Код за изгубен артикул Източник на класификационната схема Код за повреда Коз за рестрикции Код за отдаване Артикулен № Име на библиотеката - собственик Име на библиотеката, в която се намира в момента Статус (Текущо местоположение) Дата на вписване в системата Местоположение - отдел Цена в лева Инвентарен номер Систематично азбучна сигнатура Баркод Номер на екземпляра Цена в евро Служебна бележка Служебен тип на артикула
  Не е изгубен Universal Decimal Classification Не е повреден само за читалня ползва се в читалня 270116 Регионална библиотека "Любен Каравелов" Русе Регионална библиотека "Любен Каравелов" Русе Хранилище 1916-01-01 Основен фонд - ползва се само за читалня 1.00 433024 Цб 73914 120000433024 1 0.51 Вид: Сф Дата: 01.01.1916 Книги
Изтеглен Не е изгубен   Не е повреден без рестрикции ползва се в читалня 270117 Регионална библиотека "Любен Каравелов" Русе Регионална библиотека "Любен Каравелов" Русе Хранилище 1916-01-01 Основен фонд - ползва се само за читалня 0.00 172480 Цб 73914 172480 2 0.00 Вид: Сф Дата: 01.01.1916 Книги
  Не е изгубен Universal Decimal Classification Не е повреден без рестрикции ползва се в читалня 270118 Регионална библиотека "Любен Каравелов" Русе Регионална библиотека "Любен Каравелов" Русе Краезнание 1916-01-01 Краезнание 0.50 124702 К 821.163.2/Т 84 Т 120000124702 3 0.26 Вид: Сф Дата: 01.01.1916 Дата инв: 07.11.2017 Бележки инв: К2017 Книги
Vip Innovations Ltd, Rousse, Bulgaria 2025